Statistics for Immanuel Kant Bibliography

Click here to take the quiz!

General Stats

  • This quiz has been taken 3 times
  • The average score is 3 of 35

Answer Stats

TypeYearName% Correct
Non-Fiction Book1788Critique of Practical Reason
100%
Non-Fiction Book1781Critique of Pure Reason
100%
Non-Fiction Book1790Critique of Judgment
50%
Non-Fiction Book1797The Metaphysics of Morals
50%
Non-Fiction Book1755A New Elucidation of the First Principles of Metaphysical Cognition
0%
Essay1784Answering the Question: What is Enlightenment?
0%
Non-Fiction Book1798Anthropology from a Pragmatic Point of View
0%
Non-Fiction Book1763Attempt to Introduce the Concept of Negative Magnitudes into Philosophy
0%
Non-Fiction Book1755Brief Outline of Certain Meditations on Fire
0%
Non-Fiction Book1786Conjectural Beginning of Human History
0%
Non-Fiction Book1770Dissertation on the Form and Principles of the Sensible and the Intellgible World
0%
Non-Fiction Book1766Dreams of a Spirit-Seer
0%
Essay1764Essay on the Illness of the Head
0%
Non-Fiction Book1785Groundwork of the Metaphysic of Morals
0%
Essay1784Idea for a Universal History with a Cosmopolitan Purpose
0%
Essay1764Inquiry Concerning the Distinctness of the Principles of Natural Theory and Morality
0%
Lecture Collection1817Lectures on Philosophical Theology
0%
Non-Fiction Book1800Logic
0%
Non-Fiction Book1786Metaphysical Foundations of Natural Science
0%
Non-Fiction Book1764Observations on the Feeling of the Beautiful and Sublime
0%
Non-Fiction Book1803On Pedagogy
0%
Non-Fiction Book1775On the Different Races of Man
0%
Non-Fiction Book1793On the Old Saw: That May Be Right in Theory But It Won't Work in Practice
0%
Non-Fiction Book1768On the Ultimate Ground of the Differentiation of Regions in Space
0%
Non-Fiction Book1804Opus Postumum
0%
Non-Fiction Book1795Perpetual Peace: A Philosophical Sketch
0%
Non-Fiction Book1783Prolegomena to Any Future Metaphysics That Will Be Able to Present Itself as a Science
0%
Non-Fiction Book1793Religion Within the Bounds of Bare Reason
0%
Non-Fiction Book1798The Contest of Faculties
0%
Essay1762The False Subtlety of the Four Syllogistic Figures Proved
0%
Non-Fiction Book1763The Only Possible Argument in Support of a Demonstration of the Existence of God
0%
Non-Fiction Book1756The Use in Natural Philosophy of Metaphysics Combined with Geometry, Part I: Physical Monadology
0%
Non-Fiction Book1749Thoughts on the True Estimation of Living Forces
0%
Non-Fiction Book1755Universal Natural History and Theory of the Heavens
0%
Essay1786What Does It Mean to Orient Oneself in Thinking?
0%

Score Distribution

Percentile by Number Answered

Percent of People with Each Score

Your Score History

You have not taken this quiz